00361pab a2200121 454500008004000000100001900040245009500059260000900154300001300163362001100176650001800187773003400205180718b2008 xxu||||| |||| 00| 0 eng d aSelim, Monique aWork, ideology and reflexivity within the frame of globalisation: comparative perspectives c2008 ap.49-59. a18 Oct aGlobalization aEconomic and Political Weekly